ROSALÍA de A à Z - Statistiques

Statistiques générales
  • Ce quiz a été pris 33 fois
  • Le résultat moyen est 7 sur 20
Statistiques - réponses
Lettre Titres % Correct
L La Combi Versace/La Hija De Juan Simón/La Fama/La Kilié/La Perla/La Rumba Del Perdón/La Yugular/Lax/Linda/LLYLM/Lo Vas A Olvidar
84%
D De Aquí No Sales/De Plata/Delirio de Grandeza/Despechá/De Madrugá/Di Mi Nombre/Día 14 De Abril/Dios Es Un Stalker/Diablo/Divizine/Dolerme
72%
M Magnolias/Malamente/Maldición/Memória/Mio Cristo Piante Diamanti/Motomami/Mundo Neuvo
68%
B Bagdad/Berghain/Bizcochito/Bulerías
64%
S Sakuru/Saoko/Sauvignon Blanc/Sexo, Violencia y Llantas/Si Tú Supieras Compañero
64%
C Candy/Catalina/Chicken Teriyaki/Chiri/Con Altura/CUUUUuuuuuute
52%
P Pienso en tu Mira/Por Castigarme Tan Fuerte/Por Mi Puerta No Lo Pasen/Porcelana/Preso
36%
H Hentai
32%
R Reliquia/Reniego/RR
32%
T Te Venero/Thank Yu :)/TKN/TUYA
32%
N Nana/Nos Quedamos Solitos
28%
A A Ningún Hombre/A Palé/Abcdefg/Aislamiento/Aunque Es De Noche/Aute Culture
24%
O Omega/Oral
24%
E El Pañuelo/El Redentor
20%
G G3 N15
20%
Q Que No Salga La Luna/Que Se Muere Que Se Muere
20%
J Juro Que
16%
Y Yo x Ti, Tú x Mí
16%
F Fucking Money Man
0%
I I See A Darkness
0%
Aucun quiz correspondant
Distribution des résultats
% des personnes avec chaque résultat
Percentile par nombre de réponses
Votre historique - résultats
Vous n’avez pas pris ce quiz